Begins and Ends with 'O' Quiz Stats

 Plays Quiz Updated Oct 18, 2018

Score 0/26 Timer 08:00
1 Play Today
Clue Answer % Correct
Nabisco developed this 'sandwich cookie' in 1912.Oreo
82.7%
Lennon's widowOno
80.1%
Since 1965, when plans for nearby Disney World were unveiled, its population has grown over 400%.Orlando
77.7%
Herb frequently added to tomato sauces in Italian and Greek cooking.Oregano
75.1%
Kent State's state, or title of the Crosby, Stills, Nash & Young song about protestors shot there.Ohio
73.9%
Robert Downey Jr in 'Tropic Thunder' wasn't the first Oscar-nominee in blackface. Laurence Olivier was, in this Shakespearean title role.Othello
69.8%
In 1925, this European capital changed its name from Christiania back to its original name.Oslo
66.2%
He usually drives Bart & Lisa to Springfield Elementary.Otto
64.2%
Mississauga is its 3rd largest city.
The top two have NHL teams.
Ontario
58.8%
To work harder than necessary.Overdo
54.8%
Four word question often asked when adding sugar to a guest's tea or coffee.One lump or two
50%
Cincinnati Bengals' Chad Johnson had his last name legally changed to this, his jersey number in Spanish...kindaOchocinco
49.5%
To surpass or exceed in performance.Outdo
48.4%
Clue Answer % Correct
What recipes often refer to, instead of margarine.Oleo
42%
Catchphrase of Mr. Bill, or tersely titled Commodores' ballad.Oh No
41.7%
A Greek liqueur, with anise-flavoring. Ouzo
38.7%
Their video for 'Here It Goes Again', featuring treadmill choreography, has been viewed on YouTube almost 50 million times.OK Go
37.9%
Exactly 365 days before today, except in leap years.One year ago
36.2%
Band that performed 'Whirly Girl', it might also be a non-winning row or column in Tic-Tac-Toe.OXO
34.9%
As Enya could tell you, most of the 'Flow' of this 1,300-mile-long river is through Venezuela.Orinoco
27.7%
A large musical composition, such as Handel's Messiah, that uses orchestra, choir and soloists.Oratorio
21.7%
An Italian veal dish, with the meat braised in wine, vegetable and stock.Osso Buco
21.5%
Elvis Presley's 'It's Now Or Never' takes its melody from this 1898 Neapolitan song.O Sole Mio
11.7%
Herman Melville novel that's very, very popular,
...at least among crossword constructors.
Omoo
10.4%
In mathematics, a bijective function is both one-to-one and... this.Onto
7%
Full name of Salvadoran archbishop & human rights activist who was assassinated in 1980.Óscar Romero
4.5%

You're not logged in!

Compare scores with friends on all Sporcle quizzes.
OR
Log In

Sporcle TV

Today on Sporcle TV


Watch our educational content, quiz creation guides, and fun videos on Sporcle TV.

Show Comments

Extras

Top Quizzes Today


Score Distribution

Your Account Isn't Verified!

In order to create a playlist on Sporcle, you need to verify the email address you used during registration. Go to your Sporcle Settings to finish the process.

Report this User

Report this user for behavior that violates our Community Guidelines.

Details: